| 000 | 00000nam##2200000za#4500 |
| 001 | 9.569652 |
| 003 | CaOODSP |
| 005 | 20210624181853 |
| 007 | cr ||||||||||| |
| 008 | 150406|2005||||xxc|||||o f|0| 0 eng|d |
| 040 | |aCaOODSP|beng |
| 043 | |an-cn--- |
| 086 | 1 |aNH18-1/328-2005E-PDF |
| 110 | 2 |aCanada Mortgage and Housing Corporation. |
| 245 | 10|aCosting mechanism to facilitate sustainable community planning. Phase 1, : |h[electronic resource]|bBackground research and costing framework |
| 246 | 3 |aCosting mechanism to facilitate sustainable community planning : background research and costing framework = Mécanismes d'établissement des coûts visant à faciliter la planification de collectivités durables : recherches préliminaires et cadre d'établissement des coûts |
| 260 | |aOttawa - Ontario : |bCanada Mortgage and Housing Corporation |cMay 2005 (main report), September 2005 (Research highlight). |
| 300 | |a168p.|bfigs. (some coloured), graphs, maps (some coloured), references, tables, photographs |
| 490 | 1 |aResearch report |
| 500 | |aIncludes: Research highlight (Socio-economic series 05-023) under the title "Costing mechanism to facilitate sustainable community planning : background research and costing framework". Y compris : Le point en recherche (Série socio-économique 05-023) sous le titre « Mécanismes d'établissement des coûts visant à faciliter la planification de collectivités durables : recherches préliminaires et cadre d'établissement des coûts ». |
| 504 | |aBibliography. |
| 546 | |a(Comprend du texte en français.) |
| 590 | |a11-26-Supp|b2011-11-03 |
| 830 | #0|aResearch report (Canada Mortgage and Housing Corporation : Online)|w(CaOODSP)9.506068 |
| 856 | 40|ahttp://publications.gc.ca|qPDF|s2.63 MB|uhttps://publications.gc.ca/collections/collection_2011/schl-cmhc/nh18-1/NH18-1-328-2005-eng.pdf |